| 000 | 00459nam a22001577a 4500 | ||
|---|---|---|---|
| 003 | macl | ||
| 005 | 20180321165625.0 | ||
| 008 | 180321b xxu||||| |||| 00| 0 eng d | ||
| 040 | _cmacl | ||
| 082 | _a741.642 | ||
| 100 | _4 फ्रीटस, एफ. सी. | ||
| 245 |
_aबापू _b भाग 2 ; |
||
| 260 |
_a नेशनल बुक ट्रस्ट _c1970 |
||
| 650 |
_a चिल्ड्रन बुक, _9159 |
||
| 942 |
_2ddc _cHIN |
||
| 999 |
_c57408 _d57408 |
||